| 000 | 00690cam a2200205 a 4500 | ||
|---|---|---|---|
| 010 | _a | ||
| 020 | _a9788131728994 | ||
| 040 |
_aDLC _cDLC _dDLC |
||
| 082 | 0 | 0 |
_a621.3822 _220 |
| 100 | 1 | _aKay, Steven M., | |
| 245 | 1 | 0 |
_aFundamentals of statistical signal processing estimation theory part 1 _cSteven M. Kay. |
| 260 |
_aEnglewood Cliffs, N.J. : _bPearson _c2010. |
||
| 300 |
_a1 v. : _bill. ; _c25 cm. |
||
| 440 | 0 |
_aPrentice Hall signal processing series _9102988 |
|
| 504 | _aIncludes bibliographical references and index. | ||
| 505 | 0 | _av. 1. Estimation theory. | |
| 650 | 0 |
_aSignal detection _xStatistical methods. _9122611 |
|
| 650 | 0 |
_aEstimation theory. _910694 |
|
| 942 |
_2ddc _cBK |
||
| 999 |
_c11373 _d11373 |
||